00612nam a2200145Ia 4500008004100000020001500041050002100056100004100077245014700118250001800265260005100283300002400334500007800358650003000436120626s1999 mx 000 0 s d a970102525304aHF5693bD53 1999 aDíaz Mata, Alfredod1952 - eautor10aMatemáticas financierasb/ Alfredo Díaz Mata, Victor Manuel Aguilera Gómez; revisión tecnica, Jorge Cardiel Hurtado, Mario Cruz Vargas a3a. edición aMéxicob: McGraw Hill Interamericanac, 1999 aviii, 467 páginas aContiene: Índice de contenido Prefacio Apéndice Índice analítico14aMATEMÁTICAS FINANCIERAS